000 00199nam a22000857a 4500
008 170131b xxu||||| |||| 00| 0 eng d
100 _92705
_aHiran
245 _aHindi Story Book
260 _aNew delhi
_c2002
999 _c5866
_d5866